000 00788nam a2200217 i 4500
001 13105
003 ES-MaACL
005 20250811094659.0
007 t|
008 971204s1995 fr ||||1| fre d
020 _a2-87647-182-5
080 _a52(38)(091)
100 1 _aTannery, Paul.
_9109206
245 1 0 _aRecherches sur l'histoire de l'astronomie ancienne /
_cPaul Tannery.
260 _aParis :
_bJacques Gabay,
_ccop. 1995.
300 _aVII, 370 p. ;
_c24 cm.
500 _aLas Recherches sur l'histoire de l'astronomie ancienne han sido extraidas de las "Mémoires de la Société des Sciences physiques et naturelles de Bordeaux, t. I (4 série), 1893.
650 7 _aAstronomía griega
_2embne
_910392
852 _aES-MaACL
_jL-20441
_bR.125127
999 _c13105
_d13105